| LEADER |
01316nam0a2200205 450 |
| 001 |
16846819 |
| 010 |
|
|
|a 978-2-330-20644-4
|b br.
|d 16,5
|
| 100 |
|
|
|a 20250612d2026 u u0frey01 ba
|
| 101 |
0 |
|
|a fre
|
| 102 |
|
|
|a FR
|
| 200 |
0 |
|
|a Ajisaï
|e roman
|f Aki Shimazaki
|
| 207 |
|
1 |
|a
|
| 210 |
|
|
|a Arles
|b 43-47 Rue du docteur Fanton. - Passage du Méjan
|c Actes Sud
|d DL 2025
|
| 215 |
|
|
|a 1 vol. (165 p.)
|d 19 cm
|
| 300 |
|
|
|a Glossaire
|
| 330 |
|
|
|a Shôta est étudiant en littérature et rêve de devenir écrivain. Lorsqu il apprend que sa famille, qui l a toujours aidé, se heurte à des difficultés financières, il doit trouver une solution pour subvenir seul à ses besoins. Alors qu il se résout à accumuler les emplois, se présente à lui la chance inespérée d occuper une dépendance de la maison de campagne d un couple marié. C est là qu il rencontre Madame Oda, la propriétaire, une professeure de piano d une beauté qui le bouleverse au premier regard une rencontre digne des plus grands romans d amour. Avec Ajisaï , Aki Shimazaki entame un nouveau cycle romanesque tout en sensualité et en mélancolie.
|
| 700 |
|
0 |
|a Shimazaki
|b Aki
|f 1954-....
|4 70
|
| 900 |
|
|
|a Roman
|
| 901 |
|
|
|a Accessible au prêt
|
| 995 |
|
|
|a Bibliothèque
|c Bibliothèque
|f 024025587
|h 024025587
|k R SHI
|o p
|q a
|r az
|e Bibliothèque
|